Guía didáctica para educación en valores
Gespeichert in:
| Körperschaft: | |
|---|---|
| Format: | Buch |
| Sprache: | Spanisch |
| Veröffentlicht: |
Montevideo
JP
2007
|
| Schlagworte: | |
| Tags: |
Tag hinzufügen
Keine Tags, Fügen Sie den ersten Tag hinzu!
|
MARC
| LEADER | 00000nam a2200000 a 4500 | ||
|---|---|---|---|
| 001 | UCI7058 | ||
| 003 | CL-VaPUC | ||
| 008 | 080605e20070000UY |||||||||||||||||spa|d | ||
| 082 | 0 | 4 | |a 370.114 |b PRO |2 21 |
| 110 | 2 | |a Proyecto ICALA |e author |9 530166 | |
| 245 | 1 | 0 | |a Guía didáctica para educación en valores |
| 300 | |a 206 p | ||
| 942 | |c BK | ||
| 945 | |d 20080605 00:00:00 |a jtorresc | ||
| 260 | |a Montevideo |b JP |c 2007 | ||
| 650 | 0 | |a Educación moral |9 308319 | |
| 650 | 0 | |a Filosofía de la educación |9 258384 | |
| 650 | 0 | |a Valores cristianos |9 399897 | |
| 583 | |a last modification |c 20170828 11:28:57 |k Rodrigo Vera | ||
| 999 | |c 330457 |d 330455 | ||
| 952 | |0 0 |1 0 |4 0 |6 370_114000000000000_PRO_2007 |7 0 |8 A |9 416013 |a BIBTEO |b BIBTEO |d 2019-11-22 |i 444583K |o 370.114 PRO 2007 |p 444583K |r 2025-01-17 |w 2019-11-22 |y BK |k ICR | ||